Southville International School and Colleges
Your cart is empty.
  • Cart
  • Lists
    Public lists Eva Luna New books Lux_list list_1
    Your lists Log in to create your own lists
  • Log in to your account
  • Your cookies
  • Search history
Southville International School and Colleges
  • Advanced search
  • Recent comments
  • Most popular
  • Libraries

Log in to your account

Log in with GOOGLE


If you do not have an external account, but do have a local account, you can still log in:

  1. Home
  2. MARC view: The Tale of Peter rabbit
Normal view MARC view ISBD view

The Tale of Peter rabbit (Record no. 368738)

[ view plain ]
MARC details
000 -LEADER
fixed length control field 00629nam a22002057a 4500
003 - CONTROL NUMBER IDENTIFIER
control field 0
005 - DATE AND TIME OF LATEST TRANSACTION
control field 20260117142857.0
008 - FIXED-LENGTH DATA ELEMENTS--GENERAL INFORMATION
fixed length control field 260117b xxu||||| |||| 00| 0 eng d
020 ## - INTERNATIONAL STANDARD BOOK NUMBER
International Standard Book Number 978-0-307-03071-9
050 ## - LIBRARY OF CONGRESS CALL NUMBER
Classification number ER
Item number Tal143 1993
082 ## - DEWEY DECIMAL CLASSIFICATION NUMBER
Classification number ER
Item number Tal143 1993
100 ## - MAIN ENTRY--PERSONAL NAME
Personal name Potter, Beatrix
245 ## - TITLE STATEMENT
Title The Tale of Peter rabbit
Statement of responsibility, etc Beatrix Potter
260 ## - PUBLICATION, DISTRIBUTION, ETC. (IMPRINT)
Place of publication, distribution, etc New York, NY :
Name of publisher, distributor, etc Golden Books,
Date of publication, distribution, etc 1993.
300 ## - PHYSICAL DESCRIPTION
Extent 24 pages :
Other physical details colored illustrations ;
Dimensions 21 cm.
650 ## - SUBJECT ADDED ENTRY--TOPICAL TERM
Topical term or geographic name as entry element Rabbits
Form subdivision Fiction.
650 ## - SUBJECT ADDED ENTRY--TOPICAL TERM
Topical term or geographic name as entry element Peter Rabbit (Fictitious character)
Form subdivision Juvenile fiction.
700 ## - ADDED ENTRY--PERSONAL NAME
Personal name Szekeres, Cyndy,
Relator term illustrator.
942 ## - ADDED ENTRY ELEMENTS (KOHA)
Source of classification or shelving scheme Dewey Decimal Classification
Koha item type Books
Holdings
Withdrawn status Lost status Source of classification or shelving scheme Damaged status Home library Current library Shelving location Date acquired Source of acquisition Sub Shelving location Total Checkouts Full call number Barcode Date last seen Price effective from Koha item type
    Dewey Decimal Classification   Munich Library Munich Library Easy Reading Section 01/17/2026 Library Fund     ER Tal143 1993 M9221 01/17/2026 01/17/2026 Books

The Tale of Peter rabbit

APA

Potter B., Szekeres C., . (1993). The Tale of Peter rabbit. New York, NY: Golden Books.

Chicago

Potter Beatrix, Szekeres Cyndy, . 1993. The Tale of Peter rabbit. New York, NY: Golden Books.

Harvard

Potter B., Szekeres C., . (1993). The Tale of Peter rabbit. New York, NY: Golden Books.

MLA

Potter Beatrix, Szekeres Cyndy, . The Tale of Peter rabbit. New York, NY: Golden Books. 1993.

  • Place hold
  • Print
  • Cite
  • Add to your cart (remove)
  • Save record
    BIBTEX Dublin Core MARCXML MARC (non-Unicode/MARC-8) MARC (Unicode/UTF-8) MARC (Unicode/UTF-8, Standard) MODS (XML) RIS
  • More searches
    Search for this title in:
    Other Libraries (WorldCat) Other Databases (Google Scholar) Online Stores (Bookfinder.com) Open Library (openlibrary.org)

Exporting to Dublin Core...

SOUTHVILLE LIBRARY

Southville International School and Colleges Library

1281 Tropical Ave. Cor. Luxembourg St., BF Homes International, Las Pinas City

Tel. No. 8256374 / 252358 Loc. 117/146

Powered by Koha